00938 a2200205 4500003000500000005001700005010001600022020002200038020002900060040000900089082001400098100001900112245006600131250001200197260005000209300002800259505039600287650001500683700003400698Nust20221125092652.0 a 78001485 a0442302215 (v. 1) a0442302223 (v. 1) (pbk.) cNust00a526.9,OLL1 aOlliver, J. G.10aPrinciples of surveying / cJ. G. Olliver and J. Clendinning. a4th ed. aNew York :bVan Nostrand Reinhold Co.,c1978- aix,267pbill. ;c25 cm.1 aIntroduction (Page-1), Chain Surveying (Page-10), Angles Bearings and Co Ordinates (Page-19), Computations in Rectangular Co Ordinates (Page-31), Triangulation and Trilateration (Page-53), Traversing (Page-75), Heighten and Contouring (Page-96), Horizontal and Vertical curves and Setting Out (Page-143), Areas and Volumes (Page-193), Topographical and Hydrographic Surveying (Page-215).  0aSurveying.1 aClendinning, James,db. 1888,